000 00773nam0a22002531 4500
001 rc\908709
005 20250622040557.0
035 _a(NLR Aleph) 006083593
090 _a5107466
_c5107466
100 _a20041129d1984 |||y0rusy50 ca
101 0 _arus
102 _aRU
105 _aa |||||||||
200 1 _aГенетическая типизация морских отложений
210 _aМ.
_cНедра
_d1984
215 _a222 с.
_cил., карт.
_d21
320 _aБиблиогр.: с. 216-217 (50 назв.)
320 _aПредм. указ.: с. 218-220
700 1 _aФролов
_bВ.Т.
_gВладимир Тихонович
801 0 _aRU
_bNLR
_gpsbo
801 1 _aRU
_bELAR
_2rusmarc
852 _aNLR
_j84-5/3003
942 _cBOOK
980 _aNB